000 00261nam a22001217a 4500
008 170309b xxu||||| |||| 00| 0 eng d
041 _aeng
080 _a611
100 _a6
101 _aSHM
245 _aATALAS ANATOMIJA QELOVEKA
_cTOMAX.B.T
942 _2udc
_cBK
999 _c7368
_d7368